Sociedade, Direito & Justiȧ

Detalles Bibliográficos
Autor principal: Bassalo Crispino, Nicolau Eld̀io
Formato: eBook
Lenguaje:portugués
Publicado: Belo Horizonte: Initia Via Editora, 2017
Materias:
Acceso en línea:Acceso restringido

MARC

LEADER 00000nam a22000007a 4500
005 20210426224619.0
007 cr|||| |||
008 210426s2017 br |||||s|||| 00||0 por d
020 |a 978-85-9547-0118 
035 |a 33166 
040 |a vLex 
090 |c 11531  |d 11531 
100 1 |a Bassalo Crispino, Nicolau Eld̀io 
245 1 0 |a Sociedade, Direito & Justiȧ  |h [Recurso electrn̤ico] /  |c Nicolau Eld̀io Bassalo Crispino 
256 |a Servicio en ln̕ea 
260 |a Belo Horizonte:  |b Initia Via Editora,  |c 2017 
300 |a 1 recurso electrn̤ico 
506 1 |a Disponible solo en los productos indicados  |d vLex Global  |d vLex Global (Academic Edition, excluding Law Schools)  |d vLex Global (U.S. Academic Edition, Law Schools)  |d vLex Global (U.S. Academic Edition, excluding Law Schools)  |d vLex Global (Academic Edition, Law Schools) 
650 0 4 |a Ciencias sociales  |z Brasil 
740 0 |a vLex Libros (Servicio en ln̕ea) 
856 4 0 |u https://vlex.com/source/sociedade-direito-justi-a-33166  |z Acceso restringido 
942 |c BOOK 
999 0 |a Social Sciences